Data Structures (Record no. 182312)

MARC details
000 -LEADER
fixed length control field 00429nam a2200157Ia 4500
008 - FIXED-LENGTH DATA ELEMENTS--GENERAL INFORMATION
fixed length control field 230714s9999 xx 000 0 und d
041 ## - LANGUAGE CODE
Language code of text/sound track or separate title eng
082 ## - DEWEY DECIMAL CLASSIFICATION NUMBER
Classification number 005.73
Item number GIL
100 ## - MAIN ENTRY--PERSONAL NAME
Personal name Gilberg R.F.
9 (RLIN) 133084
245 ## - TITLE STATEMENT
Title Data Structures
Remainder of title A Pseudocode Approach With C++
260 ## - PUBLICATION, DISTRIBUTION, ETC. (IMPRINT)
Date of publication, distribution, etc. 2001
Name of publisher, distributor, etc. Thomson Publication
300 ## - PHYSICAL DESCRIPTION
Extent 754
365 ## - TRADE PRICE
Currency code Rs.
Price amount 336.00
700 ## - ADDED ENTRY--PERSONAL NAME
Personal name Gilberg R.F.& Forouzan B.A.
9 (RLIN) 187360
906 ## - LOCAL DATA ELEMENT F, LDF (RLIN)
c COMP
b 67.2

No items available.